zpět

Detail výsledku týmu

Tenis klub, Pardubice

Datum a čas kvízu

21 Celkem bodů Celkový počet nahraných bodů na tomto kvízu bez doplňovacích otázek.
9. Pořadí na kvízu Konečné umístění týmu na tomto kvízu.

Zaznamenané odpovědi

# Otázka Odpověď Body Výsledky
1. Který muž jako teprve druhý Če... Jan Lipavský 1
2. Ve které zemi minulý týden pro... v Íránu 1
3. V jednom z pražských divadel m... Lucie Bílá 1
4. V pondělí rozhodl soud, že jed... Goodyear 1
5. Generální manažer české hokejo... Petr Nedvěd 0
6. Vítězné téma facebookového hla... C. Attlee, H. Truman, Stalin 0
7. Vyberte název první umělé vesm... C 0
8. Jak se jmenoval tento muž a kt... Josip Tito, Jugoslávie 0
9. V roce 1988 došlo nad skotským... Muammar Kaddáfí 0
10. Seřaďte níže vypsané události... 1A 2B 3D 4C 0